000 00737nam a22002175i 4500
001 177397
003 ES-MaACL
005 20251109105427.0
008 110321s1956 sp a |||| | spa d
080 _a75 Matisse, Henri
100 1 _aDuthuit, Georges.
_9145761
245 1 0 _aMatisse
_b: período fauve /
_cpor Georges Duthuit.
260 _aBarcelona :
_bGustavo Gili,
_ccop. 1956.
300 _a[12] p. , 15 h. de lám. col. :
_bil. bl. y n. ;
_c15 cm.
490 1 _aMinia : pequeña enciclopedia de arte ;
_v2
500 _aÍndice.
600 1 4 _aMatisse, Henri,
_d1869-1954
_979085
830 0 _aMinia : pequeña enciclopedia de arte ;
_v2
_9190451
852 _aES-MaACL
_j2293-F-2
_xOlim P-140
999 _c177397
_d177397